| 000 | 00508nam a22001697a 4500 | ||
|---|---|---|---|
| 005 | 20140310183015.0 | ||
| 008 | 130212t xxu||||| |||| 00| 0 eng d | ||
| 020 | _a9715131948 | ||
| 050 |
_aRG 951 _b.Un61 2005 |
||
| 245 |
_aKuna Cradle : _cUntalan, Aaron "CY" Tuesca _ba maternal and child with pediatric nursing handbook. / |
||
| 260 |
_aErmita, Manila : _bEducational Publishing House, _c2005. |
||
| 300 |
_a555 p. : _c23 cm. |
||
| 521 | _aNUR | ||
| 562 | _e3 | ||
| 942 |
_2lcc _cBK _kLOC |
||
| 999 |
_c18289 _d18289 |
||